Sports Quiz

Random Sports Quiz

Active Players To Win 2+ GG Or 2+ SS (Consecutively) Quiz Stats

 Plays Quiz not verified by Sporcle

Score 0/52 Timer 07:00
0 Plays Today
Time Span & Team(s) Player % Correct
2002- 2003: Rangers (2 GG)Alex Rodriguez
95%
2008- 2014: Cardinals (7 GG)Yadier Molina
95%
2007- 2008: Mets (2 GG)David Wright
95%
2012- 2014: Angels (3 SS)Mike Trout
95%
2012- 2013: Tigers (2 SS)Miguel Cabrera
95%
2007- 2008: Yankees (2 SS)Alex Rodriguez
95%
1998- 2003: Rangers (6 SS)Alex Rodriguez
95%
2008- 2010: Cardinals (3 SS)Albert Pujols
95%
2007- 2008: Mets (2 SS)David Wright
95%
2003- 2004: Cardinals (2 SS)Albert Pujols
95%
2008- 2010: Twins (3 GG)Joe Mauer
92.5%
2001- 2010: Mariners (10 GG)Ichiro Suzuki
92.5%
2011- 2012: Rangers (2 GG)Adrian Beltre
92.5%
2007- 2008: Mariners (2 GG)Adrian Beltre
92.5%
2010- 2011: Rockies (2 GG)Troy Tulowitzki
92.5%
2007- 2009: Phillies (3 GG)Jimmy Rollins
92.5%
2010- 2013: Yankees (4 SS)Robinson Cano
92.5%
2010: Red Sox (1 SS) - 2011: Rangers (1 SS)Adrian Beltre
92.5%
2008- 2010: Twins (3 SS)Joe Mauer
92.5%
2010- 2011: Rockies (2 SS)Troy Tulowitzki
92.5%
2006- 2009: Phillies (4 SS)Chase Utley
92.5%
2012- 2014: Orioles (3 GG)Adam Jones
90%
2009- 2010: Rays (2 GG)Evan Longoria
90%
2009- 2010: Yankees (2 GG)Mark Teixeira
90%
2005- 2006: Rangers (2 GG)Mark Teixeira
90%
2012- 2013: Rockies (2 GG)Carlos Gonzalez
90%
Time Span & Team(s) Player % Correct
2008- 2009: Padres (2 GG)Adrian Gonzalez
90%
2006- 2008: Mets (3 GG)Carlos Beltran
90%
2010- 2011: Blue Jays (2 SS)Jose Bautista
90%
2004- 2005: Rangers (2 SS)Mark Teixeira
90%
2012- 2014: Pirates (3 SS)Andrew McCutchen
90%
2006- 2007: Mets (2 SS)Carlos Beltran
90%
2001- 2009: Twins (8 GG), Angels (1 GG)Torii Hunter
87.5%
2011- 2012: Orioles (2 GG)Matt Wieters
87.5%
2010- 2012: Brewers (3 SS)Ryan Braun
87.5%
2009- 2010: Nationals (2 SS)Ryan Zimmerman
87.5%
2008- 2011: Braves (4 SS)Brian McCann
85%
2010- 2011: Reds (2 GG)Brandon Phillips
82.5%
2008- 2009: Marlins (2 SS)Hanley Ramirez
82.5%
2008- 2009: Phillies (2 GG)Shane Victorino
80%
2012- 2014: Orioles (3 GG)J.J. Hardy
77.5%
2012- 2014: Nationals (3 SS)Ian Desmond
77.5%
2011- 2014: Royals (4 GG)Alex Gordon
75%
2007- 2008: Indians (2 GG)Grady Sizemore
75%
2013- 2014: Royals (2 GG)Salvador Perez
72.5%
2012- 2013: Reds (2 SS)Jay Bruce
72.5%
2006- 2007: Rockies (2 SS)Matt Holliday
72.5%
2013- 2014: Braves (2 GG)Andrelton Simmons
70%
2013- 2014: Royals (2 GG)Eric Hosmer
67.5%
2013- 2014: Rockies (2 GG)Nolan Arenado
62.5%
2009- 2010: Astros (2 GG)Michael Bourn
62.5%
2009- 2011: White Sox (3 GG)Mark Buehrle
50%

You're not logged in!

Compare scores with friends on all Sporcle quizzes.
OR
Log In

You Might Also Like...

Show Comments

Extras

Top Quizzes Today


Score Distribution

Your Account Isn't Verified!

In order to create a playlist on Sporcle, you need to verify the email address you used during registration. Go to your Sporcle Settings to finish the process.

Report this User

Report this user for behavior that violates our Community Guidelines.

Details: